| 000 | 00690nam a2200217 a 4500 | ||
|---|---|---|---|
| 001 | 000021365 | ||
| 005 | 20200930011317.0 | ||
| 008 | 100906s1989 cu r 000 f spa d | ||
| 040 |
_aDO-SdBNP _bspa _cBNPHU |
||
| 082 |
_aCh863.44 _bD337u |
||
| 100 | 1 |
_aDélano, Poli, _944607 |
|
| 245 | 1 | 0 |
_aUn leopardo en la cumbre de un volcán / _cPolo Délano ; edición de Mayra Hernández Menéndez. |
| 260 |
_aLa Habana : _bArte y Literatura, _c1989. |
||
| 300 |
_a385, [5] p. ; _c18 cm. |
||
| 490 | 1 | _aBolsilibros | |
| 650 | 4 |
_aNovela chilena _93163 |
|
| 650 | 4 |
_aLiteratura chilena _93164 |
|
| 700 | 1 |
_aHernández Menéndez, Mayra, _eed. _93967 |
|
| 830 | 0 |
_aBolsilibros _923397 |
|
| 049 | _aBNGR | ||
| 999 |
_c20865 _d20865 |
||